ostéologie tronc plus bassin - Statistiques

Statistiques générales
  • Ce quiz a été pris 128 fois
    126 depuis la dernière actualisation
  • Le résultat moyen est 8 sur 17
Statistiques - réponses
Par images Réponse % Correct
sacrum
79%
colonne vertébrale
75%
sternum
75%
atlas
73%
coccyx
73%
axis
62%
pubis
52%
cage thoracique
44%
vertèbre thoracique
44%
vertèbre lombaire
43%
os coxal
40%
vertèbre cervicale
40%
ischion
33%
iliaque
32%
colonne cervicale
14%
colonne lombaire
14%
colonne thoracique
13%
Aucun quiz correspondant
Distribution des résultats
% des personnes avec chaque résultat
Percentile par nombre de réponses
Votre historique - résultats
Vous n’avez pas pris ce quiz depuis la dernière actualisation